[Event "Senta op-A 13th"]
[Site "Senta"]
[Date "2009.07.18"]
[Round "1"]
[White "Igaz, Ervin"]
[Black "Farkas, Tibor"]
[Result "0-1"]
[WhiteElo "2085"]
[BlackElo "2303"]
[PlyCount "98"]
[EventDate "2009.07.18"]
[EventType "swiss"]
[EventRounds "9"]
[EventCountry "YUG"]
[SourceTitle "CBM 131 Extra"]
[Source "ChessBase"]
[SourceDate "2009.09.03"]
[SourceVersion "2"]
[SourceVersionDate "2009.09.16"]
[SourceQuality "1"]

1. e4 c5 2. Nf3 e6 3. b3 a6 4. Bb2 Nc6 5. c4 Qc7 6. Be2 Nf6 7. Nc3 Nd4 8. h3 d6 9. 0-0 Be7 10. Nh2 0-0 11. f4 Bd7 12. Bf3 Bc6 13. d3 b5 14. Ne2 Nxf3+ 15. Nxf3 Qb7 16. e5 Nd7 17. exd6 Bxd6 18. Qe1 Rfe8 19. Qg3 f6 20. Rae1 Qc7 21. Qg4 e5 22. fxe5 Nxe5 23. Nxe5 Bxe5 24. Bxe5 Qxe5 25. Qf4 Rad8 26. Qxe5 Rxe5 27. Nc1 Rde8 28. Rxe5 Rxe5 29. Rf4 Kf7 30. Kf1 Rg5 31. g4 h5 32. Kf2 hxg4 33. hxg4 Bd7 34. Kf3 Re5 35. d4 Re1 36. Nd3 Rf1+ 37. Nf2 g5 38. Re4 cxd4 39. Rxd4 Bc6+ 40. Ke2 Ra1 41. Rd2 bxc4 42. bxc4 Ke7 43. Ke3 Bd7 44. Ke4 Rc1 45. Kd4 Be6 46. c5 Rc4+ 47. Kd3 Rxc5 48. Ne4 Rd5+ 49. Ke3 Rxd2 0-1

[Event "Subotica-ch"]
[Site "Subotica"]
[Date "2009.02.27"]
[Round "6"]
[White "Cabarkapa, Novak"]
[Black "Igaz, Ervin"]
[Result "1-0"]
[WhiteElo "1991"]
[BlackElo "2077"]
[PlyCount "155"]
[EventDate "2009.02.16"]
[EventType "swiss"]
[EventRounds "9"]
[EventCountry "SRB"]
[SourceTitle "EXT 2019"]
[Source "ChessBase"]
[SourceDate "2018.10.10"]
[SourceVersion "1"]
[SourceVersionDate "2018.10.10"]
[SourceQuality "1"]

1. e4 d5 2. exd5 Nf6 3. c4 e6 4. Nc3 exd5 5. d4 Bb4 6. Nf3 Ne4 7. Bd2 Nxd2 8. Qxd2 Be6 9. a3 Bxc3 10. Qxc3 dxc4 11. Bxc4 Bxc4 12. Qxc4 Qe7+ 13. Qe2 c6 14. Qxe7+ Kxe7 15. 0-0 f6 16. Rfe1+ Kf7 17. Re3 Na6 18. Rb3 Rab8 19. Rd1 Rhd8 20. Rbd3 Nc7 21. Nd2 Rd5 22. Ne4 Rbd8 23. Nc3 R5d7 24. Kf1 Ne6 25. Ne2 Rd5 26. b4 b6 27. f4 f5 28. Kf2 c5 29. Ke3 Re8 30. Kf3 cxb4 31. axb4 Rc8 32. Ke3 Rc4 33. Rb1 h6 34. h4 Kf6 35. h5 Ke7 36. g3 Kd8 37. b5 Kc8 38. Rb2 Kb8 39. Rb1 Kb7 40. Rb2 a5 41. bxa6+ Kxa6 42. Ra3+ Ra5 43. Rxa5+ bxa5 44. Kd3 Ra4 45. Rb3 Nc7 46. Rc3 Nd5 47. Rc6+ Kb7 48. Rg6 Ra3+ 49. Kc4 Ne3+ 50. Kb5 Ra2 51. Rxg7+ Kc8 52. Nc3 Rc2 53. Na4 Rd2 54. Kc6 Kd8 55. Nc5 a4 56. Rd7+ Ke8 57. d5 a3 58. d6 Nd5 59. Rh7 Nf6 60. Re7+ Kf8 61. Nd7+ Nxd7 62. Rxd7 a2 63. Ra7 Ke8 64. d7+ Ke7 65. Ra8 Rc2+ 66. Kd5 Kxd7 67. Ke5 Rh2 68. Kf6 Rxh5 69. Rxa2 Rh3 70. Rg2 Ke8 71. Kxf5 Kf7 72. Kg4 Rh1 73. Ra2 h5+ 74. Kg5 Rh3 75. Ra7+ Kg8 76. Ra3 Kf7 77. f5 Kg8 78. Kg6 1-0

[Event "Subotica-ch"]
[Site "Subotica"]
[Date "2009.02.25"]
[Round "5"]
[White "Igaz, Ervin"]
[Black "Jesenski, Tibor"]
[Result "0-1"]
[WhiteElo "2077"]
[BlackElo "2302"]
[PlyCount "102"]
[EventDate "2009.02.16"]
[EventType "swiss"]
[EventRounds "9"]
[EventCountry "SRB"]
[SourceTitle "EXT 2019"]
[Source "ChessBase"]
[SourceDate "2018.10.10"]
[SourceVersion "1"]
[SourceVersionDate "2018.10.10"]
[SourceQuality "1"]

1. e4 d5 2. exd5 Nf6 3. Bb5+ Nbd7 4. Nc3 a6 5. Ba4 b5 6. Bb3 Nc5 7. d3 Nxb3 8. axb3 b4 9. Ne4 Qxd5 10. Nxf6+ gxf6 11. Qf3 Bb7 12. Qxd5 Bxd5 13. f3 Rg8 14. Kf2 e5 15. Ra5 0-0-0 16. Be3 f5 17. Ne2 Rg6 18. g3 Rc6 19. c4 bxc3 20. bxc3 f6 21. c4 Bf7 22. d4 Bb4 23. d5 Rcd6 24. Ra2 c6 25. Rxa6 cxd5 26. Ra8+ Kd7 27. Rxd8+ Kxd8 28. Ra1 d4 29. Ra8+ Kd7 30. Ra7+ Ke8 31. Ra8+ Rd8 32. Rxd8+ Kxd8 33. Nxd4 exd4 34. Bxd4 Ke7 35. Ke3 Bg6 36. Bb6 Ke6 37. Kd4 f4 38. c5 fxg3 39. hxg3 Kd7 40. Kc4 Be1 41. g4 Bf7+ 42. Kb5 Bxb3 43. c6+ Kc8 44. Bd4 Bh4 45. f4 Bd1 46. g5 fxg5 47. Bf6 Bf2 48. fxg5 Be2+ 49. Kb4 Kc7 50. Kc3 Kxc6 51. Kd2 Bb5 0-1

[Event "HUN-chT2 Toth 0809"]
[Site "Hungary"]
[Date "2009.02.22"]
[Round "8.4"]
[White "Botka, Peter"]
[Black "Igaz, Ervin"]
[Result "1-0"]
[WhiteElo "2172"]
[BlackElo "2077"]
[PlyCount "67"]
[EventDate "2008.10.26"]
[EventType "team-tourn"]
[EventRounds "11"]
[EventCountry "HUN"]
[SourceTitle "EXT 2010"]
[Source "ChessBase"]
[SourceDate "2010.11.25"]
[SourceVersion "1"]
[SourceVersionDate "2010.11.25"]
[SourceQuality "1"]
[WhiteTeam "Vasarhelyi"]
[BlackTeam "Roszke"]
[WhiteTeamCountry "HUN"]
[BlackTeamCountry "HUN"]

1. Nf3 b6 2. e4 Bb7 3. Nc3 e6 4. d4 Nf6 5. Bd3 c5 6. 0-0 Be7 7. Re1 d6 8. Qe2 Nbd7 9. Bg5 h6 10. Bh4 cxd4 11. Nxd4 e5 12. Nf5 g6 13. Nxe7 Qxe7 14. Rad1 g5 15. Bg3 Nc5 16. Bb5+ Kf8 17. f3 Kg7 18. Qd2 Rad8 19. Bc4 a6 20. a4 Qc7 21. b3 Rd7 22. Bf2 Rc8 23. h4 g4 24. Be3 Rh8 25. Rf1 g3 26. Qe1 Nh5 27. Ne2 f5 28. Nxg3 Nxg3 29. Qxg3+ Kh7 30. Qh3 f4 31. Qf5+ Kg7 32. h5 Qd8 33. Qg6+ Kf8 34. Bxc5 1-0